Welcome to the Holygrace Academy Library

Please use search bar below to get started

THE PILGRIMAGE (Record no. 8477)

MARC details
000 -LEADER
fixed length control field 00610nam a22001457a 4500
020 ## - INTERNATIONAL STANDARD BOOK NUMBER
ISBN 978-81-7223-539-0
082 ## - DEWEY DECIMAL CLASSIFICATION NUMBER
Classification number 823
Item number COE/P
100 ## - MAIN ENTRY--AUTHOR NAME
Personal name COELHO,PAULO
245 ## - TITLE STATEMENT
Title THE PILGRIMAGE
246 ## - VARYING FORM OF TITLE
Title proper/short title THE PILGRIMAGE
Remainder of title THE PILGRIMAGE
260 ## - PUBLICATION, DISTRIBUTION, ETC. (IMPRINT)
Place of publication U K
Name of publisher HARPER COLLINS
Year of publication 2007
300 ## - PHYSICAL DESCRIPTION
Number of Pages 226
520 ## - SUMMARY, ETC.
Summary, etc The story begins in 1986 when Coelho undertakes his initiation into the order Regnus Agnus Mundi (RAM), which he subsequently fails. He is then told that he must embark on a pilgrimage along the Camino de Santiago to find the sword that is the symbol of his acceptance into the ranks of RAM.
942 ## - ADDED ENTRY ELEMENTS (KOHA)
Koha item type Books

No items available.